000 00349nam a2200133Ia 4500
008 191014s9999 xx 000 0 und d
020 _a3-540-56289-3
082 _a128.2
_bSTA
100 _aHenry P. Stapp
_920402
245 0 _aMind, Matter, and quantum Mechanics
260 _aBerlin
_bSpringer-Verlag
_c1993
300 _aXii,241
942 _cBK
999 _c530982
_d530982